Lễ hội chọi trâu Đồ Sơn

Thư mục tài liệu tham khảo tr. 167 - 171; Đặc điểm vùng đất - con người Đồ Sơn (đặc điểm Đồ Sơn hiện nay, cư dân Đồ Sơn, các dòng họ, phong tục tập quán, truyền thống yêu nước dân chủ cách mạng, tín ngưỡng - tôn giáo, văn học nghệ thuật...

Volledige beschrijving

Bewaard in:
Bibliografische gegevens
Hoofdauteur: Ngô, Đăng Lợi
Andere auteurs: Hội Văn nghệ dân gian Việt Nam
Formaat: Boek
Taal:Undetermined
Gepubliceerd in: H. Mỹ thuật 2016
Onderwerpen:
Online toegang:http://lrc.tdmu.edu.vn/opac/search/detail.asp?aID=2&ID=28480
Tags: Voeg label toe
Geen labels, Wees de eerste die dit record labelt!
Thư viện lưu trữ: Trung tâm Học liệu Trường Đại học Thủ Dầu Một
LEADER 01413nam a2200217Ia 4500
001 TDMU_28480
008 210410s9999 xx 000 0 und d
082 |a 395.230959745 
090 |b NG450 
100 |a Ngô, Đăng Lợi 
245 0 |a Lễ hội chọi trâu Đồ Sơn 
245 0 |c Ngô, Đăng Lợi (t.hiểu, ng.cứu, g.thiệu) 
260 |a H. 
260 |b Mỹ thuật 
260 |c 2016 
300 |a 175 tr. 
520 |a Thư mục tài liệu tham khảo tr. 167 - 171; Đặc điểm vùng đất - con người Đồ Sơn (đặc điểm Đồ Sơn hiện nay, cư dân Đồ Sơn, các dòng họ, phong tục tập quán, truyền thống yêu nước dân chủ cách mạng, tín ngưỡng - tôn giáo, văn học nghệ thuật); lễ hội chọi trâu Đồ Sơn (lược sử hình thành lễ hội, tổ chức đấu loại, lễ đấu vòng chung kết, tức lễ hội chính ngày 9/8) 
650 |a Văn hóa dân gian  |x Lễ hội  |x Chọi trâu  |z Đồ Sơn (Hải Phòng - Việt Nam); Lễ hội  |x Chọi trâu  |x Văn hóa 
700 |a Hội Văn nghệ dân gian Việt Nam 
856 |u http://lrc.tdmu.edu.vn/opac/search/detail.asp?aID=2&ID=28480 
980 |a Trung tâm Học liệu Trường Đại học Thủ Dầu Một